Statistics for Random City to Country

Click here to take the quiz!

General Stats

  • This quiz has been taken 261 times
  • The average score is 16 of 20

Answer Stats

CityCountry% Correct
DurresAlbania
100%
YerevanArmenia
100%
PerthAustralia
100%
BrisbaneAustralia
100%
SalzburgAustria
100%
InnsbruckAustria
100%
MinskBelarus
100%
GhentBelgium
100%
LiegeBelgium
100%
La PazBolivia
100%
Porto AlegreBrazil
100%
Rio de JaneiroBrazil
100%
SofiaBulgaria
100%
PlovdivBulgaria
100%
DoualaCameroon
100%
CalgaryCanada
100%
BanffCanada
100%
VancouverCanada
100%
SantiagoChile
100%
UrumqiChina
100%
ShenzhenChina
100%
GuangzhouChina
100%
ChongqingChina
100%
WuhanChina
100%
KunmingChina
100%
BeijingChina
100%
MedellinColombia
100%
ZagrebCroatia
100%
GuantanamoCuba
100%
LarnacaCyprus
100%
PragueCzech Republic
100%
KinshasaDem. Rep. of the Congo
100%
AarhusDenmark
100%
AlexandriaEgypt
100%
CairoEgypt
100%
TampereFinland
100%
HelsinkiFinland
100%
CherbourgFrance
100%
LyonFrance
100%
DijonFrance
100%
StrasbourgFrance
100%
Baden BadenGermany
100%
MunichGermany
100%
DresdenGermany
100%
CologneGermany
100%
HamburgGermany
100%
BerlinGermany
100%
BonnGermany
100%
ThessalonikiGreece
100%
RhodesGreece
100%
HeraklionGreece
100%
BudapestHungary
100%
MumbaiIndia
100%
ChennaiIndia
100%
JaipurIndia
100%
YogyakartaIndonesia
100%
JakartaIndonesia
100%
DenpasarIndonesia
100%
IsfahanIran
100%
MosulIraq
100%
BasraIraq
100%
GalwayIreland
100%
CorkIreland
100%
Tel AvivIsrael
100%
VeronaItaly
100%
NaplesItaly
100%
MilanItaly
100%
TurinItaly
100%
NagoyaJapan
100%
SapporoJapan
100%
KyotoJapan
100%
AlmatyKazakhstan
100%
NairobiKenya
100%
MombasaKenya
100%
RigaLatvia
100%
BeirutLebanon
100%
Kuala LumpurMalaysia
100%
OaxacaMexico
100%
MonterreyMexico
100%
MarrakechMorocco
100%
CasablancaMorocco
100%
YangonMyanmar
100%
RotterdamNetherlands
100%
UtrechtNetherlands
100%
The HagueNetherlands
100%
WellingtonNew Zealand
100%
AucklandNew Zealand
100%
IbadanNigeria
100%
BergenNorway
100%
KarachiPakistan
100%
PeshawarPakistan
100%
IslamabadPakistan
100%
ArequipaPeru
100%
Quezon CityPhilippines
100%
KatowicePoland
100%
PoznanPoland
100%
WroclawPoland
100%
WarsawPoland
100%
PortoPortugal
100%
BucharestRomania
100%
Cluj-NapocaRomania
100%
St PetersburgRussia
100%
YekaterinburgRussia
100%
MoscowRussia
100%
RiyadhSaudi Arabia
100%
BelgradeSerbia
100%
MogadishuSomalia
100%
JohannesburgSouth Africa
100%
Port ElizabethSouth Africa
100%
SeoulSouth Korea
100%
IncheonSouth Korea
100%
SevilleSpain
100%
MadridSpain
100%
ColomboSri Lanka
100%
GothenburgSweden
100%
ZurichSwitzerland
100%
GenevaSwitzerland
100%
AleppoSyria
100%
TaipeiTaiwan
100%
KaohsiungTaiwan
100%
Dar es SalaamTanzania
100%
PhuketThailand
100%
Chiang MaiThailand
100%
TunisTunisia
100%
IstanbulTurkey
100%
OdessaUkraine
100%
LvivUkraine
100%
DubaiUnited Arab Emirates
100%
Abu DhabiUnited Arab Emirates
100%
BelfastUnited Kingdom
100%
BristolUnited Kingdom
100%
DenverUnited States
100%
ChicagoUnited States
100%
San DiegoUnited States
100%
SeattleUnited States
100%
CaracasVenezuela
100%
MaracaiboVenezuela
100%
HueVietnam
100%
Da NangVietnam
100%
LuxorEgypt
67%
ParisFrance
67%
MandalayMyanmar
67%
OsloNorway
67%
MedinaSaudi Arabia
67%
RosarioArgentina
50%
CochabambaBolivia
50%
ChengduChina
50%
BillundDenmark
50%
CuencaEcuador
50%
TehranIran
50%
AmmanJordan
50%
CancunMexico
50%
LagosNigeria
50%
TrondheimNorway
50%
CebuPhilippines
50%
TimisoaraRomania
50%
Novi SadSerbia
50%
DamascusSyria
50%
NewcastleUnited Kingdom
50%
St LouisUnited States
50%
George TownMalaysia
33%
HolyheadUnited Kingdom
33%
FlagstaffUnited States
33%
HeratAfghanistan
0%
OranAlgeria
0%
Buenos AiresArgentina
0%
TownsvilleAustralia
0%
SydneyAustralia
0%
Aice SpringsAustralia
0%
BakuAzerbaijan
0%
ManamaBahrain
0%
DhakaBangladesh
0%
ChittagongBangladesh
0%
AntwerpBelgium
0%
Santa Cruz de la SierraBolivia
0%
SucreBolivia
0%
ManausBrazil
0%
Siem ReapCambodia
0%
Phnom PenhCambodia
0%
YaoundeCameroon
0%
TorontoCanada
0%
ShanghaiChina
0%
LhasaChina
0%
HarbinChina
0%
Xi'anChina
0%
BarranquillaColombia
0%
BogotaColombia
0%
CaliColombia
0%
SplitCroatia
0%
DubrovnikCroatia
0%
VaraderoCuba
0%
HavanaCuba
0%
PaphosCyprus
0%
NicosiaCyprus
0%
BrnoCzech Republic
0%
GuayaquilEcuador
0%
AswanEgypt
0%
Sharm el SheikhEgypt
0%
TallinnEstonia
0%
BordeauxFrance
0%
AthensGreece
0%
AntiguaGuatemala
0%
DebrecenHungary
0%
ReykjavikIceland
0%
AmritsarIndia
0%
BengaluruIndia
0%
ChennaiIndia
0%
DelhiIndia
0%
ShirazIran
0%
LimerickIreland
0%
NazarethIsrael
0%
PalermoItaly
0%
FlorenceItaly
0%
VeniceItaly
0%
BolognaItaly
0%
PisaItaly
0%
KingstonJamaica
0%
Montego BayJamaica
0%
KobeJapan
0%
HiroshimaJapan
0%
YokohamaJapan
0%
NahaJapan
0%
OsakaJapan
0%
TokyoJapan
0%
AstanaKazakhstan
0%
Luang PrabangLaos
0%
VilniusLithuania
0%
KaunasLithuania
0%
IpohMalaysia
0%
Johor BahruMalaysia
0%
GuadalajaraMexico
0%
FezMorocco
0%
BagoMyanmar
0%
DunedinNew Zealand
0%
RotoruaNew Zealand
0%
PyongyangNorth Korea
0%
MuscatOman
0%
CuscoPeru
0%
LimaPeru
0%
DavaoPhilippines
0%
ManilaPhilippines
0%
KrakowPoland
0%
GdanskPoland
0%
IasiRomania
0%
VolgogradRussia
0%
Nizhny NovgorodRussia
0%
DammamSaudi Arabia
0%
MeccaSaudi Arabia
0%
JeddahSaudi Arabia
0%
LjubljanaSlovenia
0%
BledSlovenia
0%
Cape TownSouth Africa
0%
DurbanSouth Africa
0%
DaeguSouth Korea
0%
BusanSouth Korea
0%
BarcelonaSpain
0%
GranadaSpain
0%
ValenciaSpain
0%
SantanderSpain
0%
KandySri Lanka
0%
MalmoSweden
0%
StockholmSweden
0%
BaselSwitzerland
0%
LausanneSwitzerland
0%
HomsSyria
0%
BangkokThailand
0%
SousseTunisia
0%
BodrumTurkey
0%
AntalyaTurkey
0%
IzmirTurkey
0%
KampalaUganda
0%
KievUkraine
0%
SharjahUnited Arab Emirates
0%
GlasgowUnited Kingdom
0%
ManchesterUnited Kingdom
0%
LondonUnited Kingdom
0%
OmahaUnited States
0%
RaleighUnited States
0%
New YorkUnited States
0%
WashingtonUnited States
0%
DallasUnited States
0%
Ho Chi Minh CityVietnam
0%
Da LatVietnam
0%

Score Distribution

Percentile by Number Answered

Percent of People with Each Score

Your Score History

You have not taken this quiz